| 000 | 00473nam a2200157 i 4500 | ||
|---|---|---|---|
| 001 | 29646 | ||
| 003 | ES-MaACL | ||
| 005 | 20230906154052.0 | ||
| 007 | t| | ||
| 008 | 030122s1911 ag ||||1| spa d | ||
| 100 | 1 |
_aBarrenechea, Mariano Antonio. _925911 |
|
| 245 | 1 | 0 |
_aTitta Ruffo _b: notas de psicologĂa artĂstica / _cMariano Antonio Barrenechea. |
| 260 |
_aBuenos Aires : _b[s.n., _c1911] ( _fA. Cantiello) |
||
| 300 |
_a137 p. ; _c19 cm. |
||
| 852 |
_aES-MaACL _jD-2344 |
||
| 999 |
_c29646 _d29646 |
||